000 00227nam a2200097Ia 4500
001 1156612
005 20250827011226.0
008 250824s9999 xx 000 0 und d
245 0 _aAJAN KÖPEK
_cLOU TRELEAVEN
260 _bMUNDİ
999 _c1156612
_d1156612